[Event "DSOL 01 Liga Final 1st"]
[Site "Playchess.com INT"]
[Date "2020.09.04"]
[Round "2.4"]
[White "Striebeck, Enno"]
[Black "Schulze, Lara"]
[Result "0-1"]
[WhiteElo "1931"]
[BlackElo "2314"]
[PlyCount "62"]
[EventDate "2020.06.22"]
[EventType "team-k.o. (rapid)"]
[EventCountry "GER"]
[SourceTitle "EXT 2021"]
[Source "ChessBase"]
[SourceDate "2020.10.23"]
[SourceVersion "1"]
[SourceVersionDate "2020.10.23"]
[SourceQuality "1"]
[WhiteTeam "Norderstedt II"]
[BlackTeam "Werder Bremen"]
[WhiteTeamCountry "GER"]
[BlackTeamCountry "GER"]

1. d4 Nf6 2. c4 e6 3. Nf3 b6 4. Nc3 Bb4 5. a3 Bxc3+ 6. bxc3 Nc6 7. Qc2 Na5 8. e4 Ba6 9. Bg5 h6 10. Bh4 g5 11. Nxg5 hxg5 12. Bxg5 Rh5 13. h4 Rxg5 14. hxg5 Ng8 15. Rh8 Qxg5 16. e5 0-0-0 17. Rh3 f5 18. Rg3 Qe7 19. Qa4 Nh6 20. c5 Bb7 21. Rb1 Qh4 22. Rb2 Qf4 23. Kd1 Ng4 24. Rf3 Bxf3+ 25. gxf3 Qxf3+ 26. Be2 Nxf2+ 27. Kd2 Ne4+ 28. Kc1 Qxc3+ 29. Kb1 Rh8 30. Rc2 Rh1+ 31. Ka2 Ra1# 0-1

[Event "DSOL 01 Liga Gr-C 1st"]
[Site "Playchess.com INT"]
[Date "2020.08.06"]
[Round "7.4"]
[White "Waldmueller, Jakob"]
[Black "Striebeck, Enno"]
[Result "1-0"]
[WhiteElo "1931"]
[BlackElo "1931"]
[PlyCount "91"]
[EventDate "2020.06.22"]
[EventType "team-tourn (rapid)"]
[EventCountry "GER"]
[SourceTitle "EXT 2021"]
[Source "ChessBase"]
[SourceDate "2020.10.23"]
[SourceVersion "1"]
[SourceVersionDate "2020.10.23"]
[SourceQuality "1"]
[WhiteTeam "Kelheim"]
[BlackTeam "Norderstedt II"]
[WhiteTeamCountry "GER"]
[BlackTeamCountry "GER"]

1. d4 Nf6 2. Bf4 g6 3. Nc3 Bg7 4. e4 0-0 5. e5 Ne8 6. Qe2 c5 7. d5 d6 8. 0-0-0 Qa5 9. Qe3 a6 10. Kb1 b5 11. exd6 exd6 12. Ne4 Bf5 13. Nxd6 Nxd6 14. Bxd6 Qb4 15. Qb3 Qxb3 16. axb3 Rd8 17. Bg3 Be4 18. d6 Nc6 19. f3 Bf5 20. Bd3 Be6 21. Be4 Rac8 22. Ne2 g5 23. h4 g4 24. Nf4 Nd4 25. Nxe6 fxe6 26. d7 Rxd7 27. c3 c4 28. cxd4 cxb3 29. d5 exd5 30. Bxd5+ Kf8 31. Bxb3 Rcd8 32. fxg4 Rd2 33. Rhf1+ Ke7 34. Rxd2 Rxd2 35. Rf7+ Ke8 36. Rxg7 Rxg2 37. Be5 a5 38. g5 a4 39. Bd5 Rg4 40. Bc6+ Kf8 41. Rxh7 b4 42. Bxa4 b3 43. Bxb3 Rg1+ 44. Ka2 Rg4 45. Bf6 Rg3 46. Rh8# 1-0